[Event "2. Bundesliga West 2019/20"]
[Site "Festsaal Marktplatz 3, 5620 Schwarzach"]
[Date "2020.01.19"]
[Round "8"]
[Board "6"]
[White "Schnegg, Daniel"]
[Black "Kastenhuber, Robert"]
[Result "1/2-1/2"]
[WhiteElo "2134"]
[BlackElo "1926"]
[PlyCount "66"]
[EventDate "2019.10.04"]
[EventType "team"]
[EventRounds "11"]
[EventCountry "AUT"]
[WhiteTeam "Absam"]
[BlackTeam "ASK Salzburg"]

1. f4 c5 2. b3 d5 3. e3 Nf6 4. Bb2 Nc6 5. Bb5 Bd7 6. Nf3 a6 7. Bxc6 Bxc6 8. O-O
b5 9. d3 e6 10. Nbd2 Be7 11. Ne5 Bb7 12. f5 O-O 13. fxe6 fxe6 14. Qf3 Qc7 15.
Qh3 Bd6 16. Qxe6+ Kh8 17. Qf5 Rae8 18. Ndf3 Bc8 19. Qg5 Kg8 20. d4 cxd4 21.
exd4 Qxc2 22. Qc1 Qxc1 23. Raxc1 Ne4 24. Rc6 Bb7 25. Rcc1 Rc8 26. Nd7 Rxc1 27.
Rxc1 Rc8 28. Rxc8+ Bxc8 29. Nde5 b4 30. Kf1 Bf5 31. Nh4 Bc8 32. Nhf3 Bf5 33.
Nh4 Bc8  1/2-1/2

[Event "2. Bundesliga West 2019/20"]
[Site "Festsaal Marktplatz 3, 5620 Schwarzach"]
[Date "2020.01.19"]
[Round "8"]
[Board "1"]
[White "Eybl, Alexander"]
[Black "Mons, Leon"]
[Result "0-1"]
[WhiteElo "2288"]
[BlackElo "2552"]
[PlyCount "68"]
[EventDate "2019.10.04"]
[EventType "team"]
[EventRounds "11"]
[EventCountry "AUT"]
[WhiteTeam "Pradl"]
[BlackTeam "Royal Salzburg"]

1. d4 Nf6 2. Nf3 e6 3. c4 a6 4. Nc3 d5 5. cxd5 exd5 6. Bg5 Be6 7. g3 Nbd7 8.
Bg2 Bd6 9. O-O O-O 10. Qc2 c6 11. Bf4 Qc7 12. Bxd6 Qxd6 13. a3 Bg4 14. b4 Rfe8
15. Na4 Qe7 16. e3 Ne4 17. Nc5 Nd6 18. Nd2 h5 19. Rfc1 h4 20. a4 hxg3 21. hxg3
Nf6 22. Bf1 g6 23. Qb3 Kg7 24. b5 cxb5 25. axb5 a5 26. Bg2 Rh8 27. Bxd5 Nxd5
28. Qxd5 Rh5 29. Qg2 Rah8 30. b6 Qg5 31. f4 Qh6 32. Nf1 Bh3 33. Qf3 Bxf1 34.
Rxf1 Rxc5  0-1

[Event "2. Bundesliga West 2019/20"]
[Site "Festsaal Marktplatz 3, 5620 Schwarzach"]
[Date "2020.01.19"]
[Round "8"]
[Board "2"]
[White "Durakovic, Alman"]
[Black "Doskocil, Klaus"]
[Result "1-0"]
[WhiteElo "2292"]
[BlackElo "2188"]
[PlyCount "95"]
[EventDate "2019.10.04"]
[EventType "team"]
[EventRounds "11"]
[EventCountry "AUT"]
[WhiteTeam "Royal Salzburg"]
[BlackTeam "Pradl"]

1. d4 Nf6 2. c4 c5 3. d5 b5 4. cxb5 a6 5. bxa6 g6 6. Nc3 Bxa6 7. Nf3 d6 8. g3
Bg7 9. Bg2 O-O 10. O-O Qa5 11. Bd2 Nbd7 12. Rb1 Rfb8 13. b3 Ng4 14. Qc2 Nge5
15. Nh4 Qc7 16. h3 Nb6 17. Kh2 Ned7 18. Rfe1 c4 19. b4 Bxc3 20. Bxc3 Bb5 21.
Qd2 Na4 22. Bd4 f6 23. Be4 Nf8 24. Qh6 Be8 25. Rec1 Nb6 26. Rc2 Ra3 27. Bb2 Ra7
28. Nf3 Rba8 29. a3 Na4 30. Bd4 Nb6 31. Bb2 Na4 32. Bc1 Rc8 33. Nd4 c3 34. Be3
Qc4 35. Qf4 Rb7 36. Qf3 Nb6 37. Bd3 Qc7 38. Nc6 Nxd5 39. Qxd5+ e6 40. Qb3 Qxc6
41. Rbc1 Rbc7 42. b5 Qb7 43. a4 Bf7 44. Rxc3 Rxc3 45. Rxc3 e5 46. Qc2 Rxc3 47.
Qxc3 d5 48. Qc6  1-0

[Event "2. Bundesliga West 2019/20"]
[Site "Festsaal Marktplatz 3, 5620 Schwarzach"]
[Date "2020.01.19"]
[Round "8"]
[Board "4"]
[White "Leeb, Simon"]
[Black "Niedermair, Hannes"]
[Result "1/2-1/2"]
[WhiteElo "2203"]
[BlackElo "2014"]
[PlyCount "64"]
[EventDate "2019.10.04"]
[EventType "team"]
[EventRounds "11"]
[EventCountry "AUT"]
[WhiteTeam "Royal Salzburg"]
[BlackTeam "Pradl"]

1. d4 f5 2. Nc3 Nf6 3. Bg5 c6 4. Nf3 Ne4 5. Nxe4 fxe4 6. Nd2 Qa5 7. Bf4 Qf5 8.
e3 d6 9. Be2 Nd7 10. O-O Nf6 11. f3 exf3 12. Nxf3 Nd5 13. Nd2 Nxf4 14. Rxf4 Qg5
15. Nf3 Qh6 16. Qd2 g5 17. Re4 Bf5 18. Bd3 Bxe4 19. Bxe4 g4 20. Ne1 Bg7 21. d5
c5 22. g3 O-O 23. c3 Qg5 24. Ng2 Be5 25. Nf4 Bxf4 26. exf4 Qg7 27. Re1 h5 28.
Bd3 Rf6 29. Qe3 Kf8 30. Kg2 a6 31. a4 Qf7 32. Qe4 Rb8  1/2-1/2

[Event "2. Bundesliga West 2019/20"]
[Site "Festsaal Marktplatz 3, 5620 Schwarzach"]
[Date "2020.01.19"]
[Round "8"]
[Board "5"]
[White "Praxmarer, Christian"]
[Black "Wieneroiter, Gerald"]
[Result "1/2-1/2"]
[WhiteElo "1968"]
[BlackElo "2147"]
[PlyCount "82"]
[EventDate "2019.10.04"]
[EventType "team"]
[EventRounds "11"]
[EventCountry "AUT"]
[WhiteTeam "Pradl"]
[BlackTeam "Royal Salzburg"]

1. e4 c6 2. d4 d5 3. e5 Bf5 4. Nf3 e6 5. Bd3 Bxd3 6. Qxd3 Qa5+ 7. c3 Qa6 8.
Qxa6 Nxa6 9. Be3 c5 10. dxc5 Bxc5 11. Nd4 Ne7 12. f4 Kd7 13. Ke2 f6 14. Nf3 Nc6
15. exf6 gxf6 16. b4 Bxe3 17. Kxe3 Nc7 18. a4 d4+ 19. Nxd4 Nd5+ 20. Kf3 Nxd4+
21. cxd4 Rac8 22. Ra3 Rc4 23. Rd1 Rxb4 24. Nc3 Nxc3 25. Rxc3 Rxa4 26. d5 e5 27.
fxe5 fxe5 28. d6 Rc8 29. Rxc8 Kxc8 30. Rc1+ Kd8 31. Rc7 Rb4 32. Rxh7 a5 33. g4
a4 34. g5 a3 35. g6 Rf4+ 36. Ke3 Rg4 37. Rxb7 Rxg6 38. Ra7 Rh6 39. Ke4 Rxh2 40.
Rxa3 Kd7 41. Kxe5 Rh5+  1/2-1/2

[Event "2. Bundesliga West 2019/20"]
[Site "Festsaal Marktplatz 3, 5620 Schwarzach"]
[Date "2020.01.19"]
[Round "8"]
[Board "6"]
[White "Horn, Sarah"]
[Black "Sovago, Philipp"]
[Result "0-1"]
[WhiteElo "1358"]
[BlackElo "1902"]
[PlyCount "108"]
[EventDate "2019.10.04"]
[EventType "team"]
[EventRounds "11"]
[EventCountry "AUT"]
[WhiteTeam "Royal Salzburg"]
[BlackTeam "Pradl"]

1. e4 c5 2. c3 b6 3. d4 Bb7 4. d5 Nf6 5. Bd3 d6 6. Bf4 Nbd7 7. Nd2 g6 8. Ngf3
Bg7 9. O-O O-O 10. h3 a6 11. Rb1 b5 12. c4 Qa5 13. Qc2 b4 14. Nb3 Qb6 15. Rfe1
Nh5 16. Bh2 Ne5 17. Nxe5 dxe5 18. Kh1 a5 19. a4 Qd6 20. g3 Bc8 21. Kg2 Bd7 22.
Ra1 f5 23. f3 Qc7 24. Bg1 fxe4 25. Bxe4 Qc8 26. g4 Nf4+ 27. Kg3 h5 28. Bxc5
Nxh3 29. Kxh3 hxg4+ 30. Kg3 gxf3 31. Bxf3 Rxf3+ 32. Kxf3 Bf5 33. Qh2 Qa6 34.
Nd2 Qf6 35. Ne4 Bxe4+ 36. Kxe4 Qf5+ 37. Ke3 Rc8 38. Rf1 Qg5+ 39. Ke2 Qg4+ 40.
Kd2 Rxc5 41. Qf2 Bh6+ 42. Kc2 Rxc4+ 43. Kb3 Rf4 44. Qc5 Qh3+ 45. Ka2 Rxf1 46.
Rxf1 Qxf1 47. Qc8+ Kg7 48. Qc7 Qf6 49. Qxa5 Qd6 50. Qb5 e6 51. dxe6 Qxe6+ 52.
b3 Qd6 53. Qe2 Qd2+ 54. Qxd2 Bxd2  0-1

[Event "2. Bundesliga West 2019/20"]
[Site "Festsaal Marktplatz 3, 5620 Schwarzach"]
[Date "2020.01.19"]
[Round "8"]
[Board "1"]
[White "Srienz, Christian"]
[Black "Krstic, Uros"]
[Result "1/2-1/2"]
[WhiteElo "2177"]
[BlackElo "2354"]
[PlyCount "128"]
[EventDate "2019.10.04"]
[EventType "team"]
[EventRounds "11"]
[EventCountry "AUT"]
[WhiteTeam "SK Hoerbranz"]
[BlackTeam "Schwarzach"]

1. c4 g6 2. Nc3 Bg7 3. g3 e5 4. Bg2 d6 5. e3 Nc6 6. Nge2 h5 7. h4 Bg4 8. d3 Qd7
9. b3 Nh6 10. Qd2 O-O 11. Bb2 Rae8 12. O-O-O Be6 13. Ne4 Qc8 14. Kb1 f6 15.
N2c3 Nf7 16. Nd5 Qd8 17. Nec3 Nb8 18. d4 c6 19. Nb4 Bf5+ 20. Nc2 e4 21. Ne2 Bg4
22. Ne1 Nh6 23. Rc1 Bxe2 24. Qxe2 f5 25. Bf1 c5 26. d5 Nd7 27. Ng2 Bxb2 28.
Qxb2 Ng4 29. Nf4 Rf6 30. Bh3 Nge5 31. Bf1 Nf8 32. Be2 a6 33. Qa3 Rf7 34. Kc2
Qb8 35. Kd2 b5 36. Rc2 Qb6 37. Rhc1 Rb8 38. b4 cxb4 39. Qxb4 bxc4 40. Qxb6 Rxb6
41. Bxc4 Ned7 42. Bb3 Nc5 43. Rxc5 dxc5 44. Rxc5 Kg7 45. Kc3 Ra7 46. Rc6 Rbb7
47. d6 a5 48. a4 Nd7 49. Be6 Nb6 50. Bb3 Nd7 51. Be6 Nb6 52. Kd4 Nxa4 53. Rc8
Nb6 54. Rg8+ Kh7 55. Rxg6 a4 56. Bxf5 a3 57. Nxh5 Ra4+ 58. Kc3 Nd5+ 59. Kd2
Rb2+ 60. Ke1 a2 61. Rf6+ Kg8 62. Be6+ Kh7 63. Bf5+ Kg8 64. Be6+ Kh7  1/2-1/2

[Event "2. Bundesliga West 2019/20"]
[Site "Festsaal Marktplatz 3, 5620 Schwarzach"]
[Date "2020.01.19"]
[Round "8"]
[Board "2"]
[White "Biti, Ozren"]
[Black "Schmidlechner, Alexander"]
[Result "1/2-1/2"]
[WhiteElo "2366"]
[BlackElo "2152"]
[PlyCount "81"]
[EventDate "2019.10.04"]
[EventType "team"]
[EventRounds "11"]
[EventCountry "AUT"]
[WhiteTeam "Schwarzach"]
[BlackTeam "SK Hoerbranz"]

1. e4 c5 2. Nc3 Nc6 3. Bb5 Nd4 4. Bc4 e6 5. Nf3 Nf6 6. O-O a6 7. Bb3 Qc7 8. d3
Ng4 9. g3 Nxf3+ 10. Qxf3 Ne5 11. Qh5 Nc6 12. Bf4 Qd8 13. Nd5 d6 14. Bg5 Qa5 15.
Ne3 Qc7 16. f4 g6 17. Qh4 Bg7 18. c3 Na5 19. Bf6 O-O 20. Ng4 h5 21. Bxg7 Kxg7
22. f5 exf5 23. exf5 f6 24. Ne3 Nxb3 25. axb3 Qf7 26. fxg6 Qxg6 27. Nd5 Bg4 28.
Nf4 Qg5 29. h3 Qxh4 30. gxh4 Bd7 31. Nxh5+ Kh6 32. Nf4 Rae8 33. Rae1 Bc6 34.
Kh2 Rg8 35. Rg1 Rxg1 36. Rxg1 Kh7 37. Rf1 Re3 38. Rf2 Kg7 39. Nh5+ Kg6 40. Nf4+
Kh6 41. Rf1  1/2-1/2

[Event "2. Bundesliga West 2019/20"]
[Site "Festsaal Marktplatz 3, 5620 Schwarzach"]
[Date "2020.01.19"]
[Round "8"]
[Board "3"]
[White "Engelhart, Achim"]
[Black "Brumen, Dinko"]
[Result "0-1"]
[WhiteElo "2055"]
[BlackElo "2317"]
[PlyCount "112"]
[EventDate "2019.10.04"]
[EventType "team"]
[EventRounds "11"]
[EventCountry "AUT"]
[WhiteTeam "SK Hoerbranz"]
[BlackTeam "Schwarzach"]

1. e4 c5 2. c3 e6 3. d4 d5 4. exd5 exd5 5. Nf3 Nf6 6. Bb5+ Bd7 7. Bxd7+ Nbxd7
8. O-O Be7 9. dxc5 Nxc5 10. Nbd2 O-O 11. Nb3 Nce4 12. Be3 a5 13. a4 Ra6 14. Qc2
Qd7 15. Bd4 Qg4 16. Bxf6 Rxf6 17. Nbd4 Rg6 18. Ne1 Bd6 19. g3 Qh3 20. f4 h5 21.
Qg2 Qc8 22. Nef3 Bxf4 23. Nh4 Nxg3 24. Rxf4 Ne2+ 25. Nxe2 Rxg2+ 26. Nxg2 f5 27.
Rd1 g5 28. Rfd4 f4 29. Nexf4 gxf4 30. Nxf4 Qg4+ 31. Ng2 Qe2 32. Nh4 Rf4 33.
Rxf4 Qxd1+ 34. Kg2 Qd2+ 35. Kg3 Qxb2 36. Nf5 Kh7 37. Kh4 Qxc3 38. Kxh5 Qf6 39.
Kg4 Qb2 40. Nd4 Qg2+ 41. Kf5 Qxh2 42. Nb5 Kg7 43. Rd4 Kf7 44. Kg5 Ke6 45. Kg4
Qe5 46. Kf3 Kd7 47. Kg4 Kc6 48. Kf3 Kc5 49. Rf4 d4 50. Kg4 Qe2+ 51. Kf5 d3 52.
Nc3 Qe1 53. Ne4+ Kc6 54. Rf2 Qa1 55. Rd2 Qxa4 56. Rxd3 Qb5+  0-1

[Event "2. Bundesliga West 2019/20"]
[Site "Festsaal Marktplatz 3, 5620 Schwarzach"]
[Date "2020.01.19"]
[Round "8"]
[Board "4"]
[White "Ruecker, Benjamin"]
[Black "Mittelberger, Peter"]
[Result "0-1"]
[WhiteElo "2238"]
[BlackElo "2174"]
[PlyCount "68"]
[EventDate "2019.10.04"]
[EventType "team"]
[EventRounds "11"]
[EventCountry "AUT"]
[WhiteTeam "Schwarzach"]
[BlackTeam "SK Hoerbranz"]

1. Nf3 g6 2. g3 Bg7 3. Bg2 Nf6 4. d4 O-O 5. O-O d6 6. b3 c6 7. Bb2 a5 8. c4 a4
9. b4 d5 10. a3 dxc4 11. Ne5 Be6 12. Nd2 b5 13. Nxc6 Nxc6 14. Bxc6 Rc8 15. d5
Nxd5 16. Bxg7 Kxg7 17. Bxd5 Qxd5 18. Nf3 Rfd8 19. Qxd5 Rxd5 20. e3 Bg4 21. Kg2
Bxf3+ 22. Kxf3 Rcd8 23. Ra2 Rd2 24. Rfa1 Rxa2 25. Rxa2 Rd3 26. Ke2 e5 27. Rd2
Rxd2+ 28. Kxd2 Kf6 29. f3 Ke6 30. e4 Kf6 31. Ke3 Kg5 32. h3 f5 33. h4+ Kh5 34.
f4 exf4+  0-1

[Event "2. Bundesliga West 2019/20"]
[Site "Festsaal Marktplatz 3, 5620 Schwarzach"]
[Date "2020.01.19"]
[Round "8"]
[Board "5"]
[White "Kinkel, Janis"]
[Black "Ljubic, Juro"]
[Result "1/2-1/2"]
[WhiteElo "2045"]
[BlackElo "2162"]
[PlyCount "53"]
[EventDate "2019.10.04"]
[EventType "team"]
[EventRounds "11"]
[EventCountry "AUT"]
[WhiteTeam "SK Hoerbranz"]
[BlackTeam "Schwarzach"]

1. e4 c5 2. Nf3 g6 3. d4 cxd4 4. Nxd4 Nc6 5. Be3 Bg7 6. c4 Nf6 7. Nc3 O-O 8.
Be2 b6 9. O-O Bb7 10. f3 Nxd4 11. Bxd4 d6 12. Qd2 Nd7 13. Be3 Rc8 14. Rac1 a5
15. Rfd1 Nc5 16. Rb1 Bc6 17. b4 axb4 18. Rxb4 Ra8 19. Nd5 Bxd5 20. cxd5 Ra3 21.
Rc1 Qa8 22. Rc2 Qa5 23. Rb5 Qa6 24. Rb4 Qa5 25. Rb5 Qa6 26. Rb4 Qa5 27. Rb5
 1/2-1/2

[Event "2. Bundesliga West 2019/20"]
[Site "Festsaal Marktplatz 3, 5620 Schwarzach"]
[Date "2020.01.19"]
[Round "8"]
[Board "6"]
[White "Stoeckl, Norbert"]
[Black "Hehle, Bernhard"]
[Result "1-0"]
[WhiteElo "2054"]
[BlackElo "1962"]
[PlyCount "37"]
[EventDate "2019.10.04"]
[EventType "team"]
[EventRounds "11"]
[EventCountry "AUT"]
[WhiteTeam "Schwarzach"]
[BlackTeam "SK Hoerbranz"]

1. e4 c6 2. c4 d5 3. cxd5 cxd5 4. exd5 Qxd5 5. Nc3 Qa5 6. d4 Nf6 7. Bc4 e6 8.
Nf3 Be7 9. O-O O-O 10. Re1 a6 11. Bg5 b5 12. Bb3 Bb7 13. d5 Rd8 14. Qe2 e5 15.
Nxe5 Bd6 16. Bxf6 gxf6 17. Ng4 Nd7 18. Nh6+ Kf8 19. Qh5  1-0

[Event "2. Bundesliga West 2019/20"]
[Site "Kufstein; NMS II, Sporthalle Fischergries"]
[Date "2020.03.06"]
[Round "9"]
[Board "1"]
[White "Barp, Alberto"]
[Black "Berchtenbreiter, Maximilian"]
[Result "0-1"]
[WhiteElo "2396"]
[BlackElo "2467"]
[PlyCount "88"]
[EventDate "2019.10.04"]
[EventType "team"]
[EventRounds "11"]
[EventCountry "AUT"]
[WhiteTeam "Kufstein/Woergl"]
[BlackTeam "Hohenems II"]

1. d4 Nf6 2. c4 a6 3. Nc3 c5 4. dxc5 e6 5. e4 Qc7 6. f4 Bxc5 7. e5 Ng8 8. a3 b5
9. b4 Bxg1 10. Rxg1 bxc4 11. Ne4 d5 12. exd6 Qb6 13. Bb2 Qxg1 14. Bxg7 Nd7 15.
Bxh8 Bb7 16. Bd4 Qxh2 17. Qf3 Bxe4 18. Qxe4 Qg3+ 19. Kd2 Rc8 20. Qf3 Qxf3 21.
gxf3 Nh6 22. Bh3 Rc6 23. Kc3 Rxd6 24. Kxc4 Rd5 25. Rh1 Nf5 26. Bxf5 Rxf5 27.
Rxh7 Rxf4 28. Kd3 Rxf3+ 29. Be3 Rg3 30. Rh8+ Ke7 31. Ke2 Rg2+ 32. Bf2 Nf6 33.
Ra8 Ng4 34. Ra7+ Kf6 35. Kf3 Rxf2+ 36. Kxg4 Ke5 37. Kg3 Ra2 38. Rxa6 Rb2 39.
Kf3 Rb3+ 40. Kf2 f5 41. Ra5+ Ke4 42. b5 Rb2+ 43. Kf1 Ke3 44. a4 f4  0-1

[Event "2. Bundesliga West 2019/20"]
[Site "Kufstein; NMS II, Sporthalle Fischergries"]
[Date "2020.03.06"]
[Round "9"]
[Board "2"]
[White "Kranzl, Julian"]
[Black "Seresin, Francesco"]
[Result "0-1"]
[WhiteElo "2197"]
[BlackElo "2362"]
[PlyCount "78"]
[EventDate "2019.10.04"]
[EventType "team"]
[EventRounds "11"]
[EventCountry "AUT"]
[WhiteTeam "Hohenems II"]
[BlackTeam "Kufstein/Woergl"]

1. Nf3 Nf6 2. b3 g6 3. Bb2 Bg7 4. g3 b6 5. Bg2 Bb7 6. O-O O-O 7. c4 d6 8. d4
Nbd7 9. d5 c6 10. dxc6 Bxc6 11. Ne1 Qc7 12. Nc3 Nc5 13. Bxc6 Qxc6 14. Nd5 Nxd5
15. cxd5 Qd7 16. Bxg7 Kxg7 17. Qd4+ Kg8 18. Ng2 Rac8 19. Rac1 Qf5 20. Rc3 e5
21. dxe6 Nxe6 22. Qd2 Rxc3 23. Qxc3 Qe5 24. Qxe5 dxe5 25. Rd1 Rc8 26. Ne3 Nd4
27. Kf1 f6 28. Ng4 Kf7 29. e3 Nf3 30. e4 Ke6 31. Ne3 Ng5 32. Nc4 Nxe4 33. f3
Nc3 34. Rd2 Nd5 35. Ke2 b5 36. Ne3 Nb4 37. a3 Nc6 38. Rd5 Nd4+ 39. Kf2 Rc3  0-1

[Event "2. Bundesliga West 2019/20"]
[Site "Kufstein; NMS II, Sporthalle Fischergries"]
[Date "2020.03.06"]
[Round "9"]
[Board "3"]
[White "Bertagnolli, Alexander"]
[Black "Hofer, Emilian"]
[Result "1-0"]
[WhiteElo "2346"]
[BlackElo "2192"]
[PlyCount "77"]
[EventDate "2019.10.04"]
[EventType "team"]
[EventRounds "11"]
[EventCountry "AUT"]
[WhiteTeam "Kufstein/Woergl"]
[BlackTeam "Hohenems II"]

1. e4 e5 2. Nc3 Nf6 3. f4 d5 4. fxe5 Nxe4 5. Qf3 Nxc3 6. bxc3 Be6 7. d4 Be7 8.
Bd3 c5 9. Ne2 Nc6 10. O-O Qd7 11. Nf4 O-O-O 12. Be3 Kb8 13. Qg3 g6 14. dxc5 Ka8
15. Bd4 Rhf8 16. Bb5 Qc8 17. Nxe6 fxe6 18. Qh3 h5 19. Bd3 g5 20. Qxh5 Rf4 21.
Rxf4 gxf4 22. Rf1 Rh8 23. Qe2 Bg5 24. Bb5 Rh4 25. Bf2 Rh8 26. Bxc6 Qxc6 27. Qg4
Bh6 28. Bd4 Qe8 29. c4 dxc4 30. Qf3 Qd7 31. c3 Rc8 32. Qe4 Qg7 33. Rb1 Qd7 34.
Rb4 f3 35. Qxf3 Rf8 36. Qe2 Qc6 37. Rb1 Qd5 38. Rf1 Rh8 39. Rf7  1-0

[Event "2. Bundesliga West 2019/20"]
[Site "Kufstein; NMS II, Sporthalle Fischergries"]
[Date "2020.03.06"]
[Round "9"]
[Board "4"]
[White "Heinrici, Simon"]
[Black "Neuschmied, Siegfried"]
[Result "0-1"]
[WhiteElo "2131"]
[BlackElo "2268"]
[PlyCount "58"]
[EventDate "2019.10.04"]
[EventType "team"]
[EventRounds "11"]
[EventCountry "AUT"]
[WhiteTeam "Hohenems II"]
[BlackTeam "Kufstein/Woergl"]

1. e4 g6 2. d4 d6 3. Nc3 Bg7 4. f4 a6 5. Nf3 b5 6. a3 Bb7 7. Be3 Nf6 8. Bd3
Nbd7 9. O-O O-O 10. Qe2 c5 11. dxc5 dxc5 12. e5 c4 13. Bxc4 bxc4 14. exf6 Nxf6
15. Qxc4 Ng4 16. Bf2 Bxf3 17. gxf3 Nxf2 18. Kxf2 Qb6+ 19. Kg3 Qxb2 20. Nd5 e6
21. Ne7+ Kh8 22. Rab1 Qxa3 23. Qc7 Bf6 24. Rb7 Rae8 25. Nc6 Rc8 26. Qb6 Qd6 27.
Na5 Qd5 28. Qxa6 Rxc2 29. Nb3 Qh5  0-1

[Event "2. Bundesliga West 2019/20"]
[Site "Kufstein; NMS II, Sporthalle Fischergries"]
[Date "2020.03.06"]
[Round "9"]
[Board "5"]
[White "Steinbacher, Thomas"]
[Black "Kienboeck, Benjamin"]
[Result "1-0"]
[WhiteElo "2143"]
[BlackElo "1968"]
[PlyCount "41"]
[EventDate "2019.10.04"]
[EventType "team"]
[EventRounds "11"]
[EventCountry "AUT"]
[WhiteTeam "Kufstein/Woergl"]
[BlackTeam "Hohenems II"]

1. d4 Nf6 2. Nc3 d5 3. Bg5 e6 4. e4 dxe4 5. Nxe4 Be7 6. Bxf6 Bxf6 7. Nf3 Nd7 8.
Bd3 O-O 9. c3 Be7 10. Qc2 h6 11. O-O-O c5 12. dxc5 Qc7 13. Kb1 Nxc5 14. Nxc5
Qxc5 15. Qe2 a5 16. Ne5 Rd8 17. f4 Rb8 18. a4 Kf8 19. Qh5 g6 20. Qxh6+ Kg8 21.
Bxg6  1-0

[Event "2. Bundesliga West 2019/20"]
[Site "Kufstein; NMS II, Sporthalle Fischergries"]
[Date "2020.03.06"]
[Round "9"]
[Board "6"]
[White "Kuntner, Reinhard"]
[Black "Maltsev, Oleg"]
[Result "1/2-1/2"]
[WhiteElo "1937"]
[BlackElo "1992"]
[PlyCount "80"]
[EventDate "2019.10.04"]
[EventType "team"]
[EventRounds "11"]
[EventCountry "AUT"]
[WhiteTeam "Hohenems II"]
[BlackTeam "Kufstein/Woergl"]

1. d4 d5 2. c4 c6 3. Nf3 Nf6 4. Nc3 e6 5. e3 Bb4 6. Bd3 dxc4 7. Bxc4 O-O 8. O-O
Nbd7 9. Qc2 Qc7 10. e4 e5 11. Bg5 exd4 12. Nxd4 Ng4 13. g3 Nde5 14. Be2 Qb6 15.
Rad1 h6 16. Na4 Qa5 17. Bd2 Bxd2 18. Rxd2 Be6 19. Nxe6 fxe6 20. h3 Nf6 21. Rfd1
Rae8 22. f4 Nf7 23. Kg2 Rd8 24. Rxd8 Nxd8 25. a3 Qc7 26. Bf3 b6 27. Nc3 Qe7 28.
e5 Nd5 29. Nxd5 exd5 30. b4 Kh8 31. Qc3 g5 32. fxg5 hxg5 33. b5 Qc5 34. Qxc5
bxc5 35. bxc6 Nxc6 36. Rxd5 Re8 37. Rxc5 Nxe5 38. Bh5 Re7 39. Be2 Kg7 40. Rc8
Kf6  1/2-1/2

[Event "2. Bundesliga West 2019/20"]
[Site "Kufstein; NMS II, Sporthalle Fischergries"]
[Date "2020.03.06"]
[Round "9"]
[Board "1"]
[White "Fedorovsky, Michael"]
[Black "Hoefelsauer, Thomas"]
[Result "1-0"]
[WhiteElo "2434"]
[BlackElo "2365"]
[PlyCount "63"]
[EventDate "2019.10.04"]
[EventType "team"]
[EventRounds "11"]
[EventCountry "AUT"]
[WhiteTeam "Jenbach 2"]
[BlackTeam "Wolfurt"]

1. e4 c6 2. d4 d5 3. e5 c5 4. c4 cxd4 5. Nf3 e6 6. Nxd4 Nc6 7. Nc3 Bc5 8. Nxc6
bxc6 9. cxd5 cxd5 10. b4 Be7 11. a3 f6 12. Bf4 fxe5 13. Bxe5 Nf6 14. Bd3 O-O
15. O-O a5 16. b5 d4 17. Bxd4 Bb7 18. Bc4 Kh8 19. Bxe6 Qe8 20. Qe2 Qg6 21. f4
Rad8 22. f5 Qg5 23. Be3 Bc5 24. Bxc5 Rd2 25. h4 Qh6 26. Bxf8 Rxe2 27. Nxe2 Ng4
28. Bc5 Qxh4 29. Bd6 Qd8 30. Rad1 Ne3 31. f6 gxf6 32. Be5  1-0

[Event "2. Bundesliga West 2019/20"]
[Site "Kufstein; NMS II, Sporthalle Fischergries"]
[Date "2020.03.06"]
[Round "9"]
[Board "2"]
[White "Janko, Ladislav"]
[Black "Reich, Thomas"]
[Result "0-1"]
[WhiteElo "2184"]
[BlackElo "2376"]
[PlyCount "80"]
[EventDate "2019.10.04"]
[EventType "team"]
[EventRounds "11"]
[EventCountry "AUT"]
[WhiteTeam "Wolfurt"]
[BlackTeam "Jenbach 2"]

1. e4 c5 2. Nf3 g6 3. d4 cxd4 4. Nxd4 Bg7 5. Nc3 Nc6 6. Be3 Nf6 7. Be2 d6 8.
O-O O-O 9. Nb3 Be6 10. f4 Rc8 11. Bf3 Na5 12. Nxa5 Qxa5 13. Rf2 Bg4 14. e5 Bxf3
15. Qxf3 dxe5 16. fxe5 Qxe5 17. Bxa7 Qa5 18. Be3 Qb4 19. Nd1 Qe4 20. Qxe4 Nxe4
21. Re2 f5 22. c3 Rfd8 23. Nf2 Nxf2 24. Kxf2 e5 25. Rc2 f4 26. Bd2 Rd3 27. Re1
g5 28. Bc1 Kf7 29. Re4 h5 30. Rb4 Rc7 31. Rd2 Rxd2+ 32. Bxd2 Ke6 33. g3 Bf8 34.
Rb5 Rd7 35. Ke1 Kf5 36. h4 fxg3 37. Bxg5 Be7 38. Bxe7 Rxe7 39. Rb4 e4 40. Rb5+
Kg4  0-1

[Event "2. Bundesliga West 2019/20"]
[Site "Kufstein; NMS II, Sporthalle Fischergries"]
[Date "2020.03.06"]
[Round "9"]
[Board "3"]
[White "Pali, Philipp"]
[Black "Kalcher, Mathias"]
[Result "1/2-1/2"]
[WhiteElo "2249"]
[BlackElo "2138"]
[PlyCount "90"]
[EventDate "2019.10.04"]
[EventType "team"]
[EventRounds "11"]
[EventCountry "AUT"]
[WhiteTeam "Jenbach 2"]
[BlackTeam "Wolfurt"]

1. c4 g6 2. g3 c5 3. Bg2 Bg7 4. Nc3 Nc6 5. e3 e5 6. Nge2 Nge7 7. a3 d6 8. Rb1
a5 9. Nd5 O-O 10. Nec3 Nxd5 11. Nxd5 Be6 12. d3 Ne7 13. b4 axb4 14. Nxe7+ Qxe7
15. axb4 Rab8 16. bxc5 dxc5 17. O-O Rfd8 18. Qc2 Rd7 19. Ba3 b6 20. Rfd1 Qd8
21. Rb3 Ra7 22. Rdb1 Qd6 23. Bb2 Bd7 24. Ra3 Rxa3 25. Bxa3 Bc6 26. Bxc6 Qxc6
27. Qb3 Qd6 28. Qb5 Ra8 29. Rb3 Bf8 30. Bb2 Rb8 31. Bc3 Be7 32. Ba5 Bd8 33.
Qe8+ Kg7 34. Bc3 Bf6 35. Qb5 Qxd3 36. Ba5 Qd1+ 37. Kg2 e4 38. Rb1 Qf3+ 39. Kg1
Rd8 40. Qxb6 Rd1+ 41. Rxd1 Qxd1+ 42. Kg2 Qf3+ 43. Kg1 Qd1+ 44. Kg2 Qf3+ 45. Kg1
Qd1+  1/2-1/2

[Event "2. Bundesliga West 2019/20"]
[Site "Kufstein; NMS II, Sporthalle Fischergries"]
[Date "2020.03.06"]
[Round "9"]
[Board "4"]
[White "Berchtold, Guenter"]
[Black "Fuchs, Georg"]
[Result "0-1"]
[WhiteElo "1934"]
[BlackElo "2211"]
[PlyCount "78"]
[EventDate "2019.10.04"]
[EventType "team"]
[EventRounds "11"]
[EventCountry "AUT"]
[WhiteTeam "Wolfurt"]
[BlackTeam "Jenbach 2"]

1. d4 Nf6 2. Bf4 e6 3. e3 c5 4. c3 d5 5. Nd2 Nc6 6. Bd3 c4 7. Bc2 Be7 8. Qe2 b5
9. a3 O-O 10. h3 Bb7 11. Ngf3 a5 12. O-O b4 13. a4 b3 14. Bb1 Nh5 15. Bh2 g6
16. e4 Bd6 17. e5 Be7 18. g4 Ng7 19. Re1 f5 20. exf6 Bxf6 21. Bg3 Qd7 22. Ne5
Nxe5 23. dxe5 Bg5 24. Nf3 Bf4 25. Bh4 Ne8 26. Nd4 g5 27. Bg3 Ng7 28. Kg2 Rf7
29. h4 Bxg3 30. Kxg3 gxh4+ 31. Kxh4 Qe7+ 32. Kh3 Raf8 33. f3 Qg5 34. Qe3 Rf4
35. Kg2 Nf5 36. Bxf5 exf5 37. Ne6 Rxg4+ 38. fxg4 d4+ 39. Kh2 Qh4+  0-1

[Event "2. Bundesliga West 2019/20"]
[Site "Kufstein; NMS II, Sporthalle Fischergries"]
[Date "2020.03.06"]
[Round "9"]
[Board "5"]
[White "Hoellrigl, Wilfried"]
[Black "Notegger, Peter"]
[Result "1-0"]
[WhiteElo "2216"]
[BlackElo "1931"]
[PlyCount "49"]
[EventDate "2019.10.04"]
[EventType "team"]
[EventRounds "11"]
[EventCountry "AUT"]
[WhiteTeam "Jenbach 2"]
[BlackTeam "Wolfurt"]

1. e4 d5 2. exd5 Qxd5 3. Nc3 Qd6 4. d4 Nf6 5. Nf3 a6 6. Ne5 e6 7. Bf4 Qd8 8.
Be2 Bd6 9. Bf3 c6 10. Qe2 O-O 11. Bg3 Re8 12. O-O-O Bxe5 13. dxe5 Nd5 14. Ne4
b5 15. Nd6 Rf8 16. Be4 Nd7 17. Qh5 g6 18. Qh6 f5 19. Bxd5 cxd5 20. Bh4 Qb6 21.
Be7 Bb7 22. Bxf8 Rxf8 23. Qf4 a5 24. h4 Rd8 25. h5  1-0